Compendio de normas sobre los Juzgados de Policia Local. Organización, atribuciones y competencia
Shranjeno v:
| Format: | Knjiga |
|---|---|
| Jezik: | španščina |
| Izdano: |
Santiago
Thomson Reuters
2015
|
| Izdaja: | 2a. ed |
| Serija: | La Ley
|
| Teme: | |
| Oznake: |
Označite
Brez oznak, prvi označite!
|
MARC
| LEADER | 00000cam a2200000 a 4500 | ||
|---|---|---|---|
| 001 | UCE8759 | ||
| 003 | CL-VaPUC | ||
| 008 | 150827e20150000cl |||||||||||||||||spa|d | ||
| 020 | |a 9789563466973 | ||
| 082 | 0 | 4 | |a 347.04 |b COM |2 21 |
| 245 | 1 | 0 | |a Compendio de normas sobre los Juzgados de Policia Local. Organización, atribuciones y competencia |
| 250 | |a 2a. ed | ||
| 300 | |a t | ||
| 942 | |c BK | ||
| 945 | |d 20150827 16:13:00 |a gsalatino | ||
| 260 | |a Santiago |b Thomson Reuters |c 2015 | ||
| 650 | 7 | |a JUZGADOS DE POLICIA LOCAL |2 CL-VaPUC |9 328496 | |
| 650 | 7 | |a JUZGADOS DE POLICIA LOCAL LEGISLACION |2 CL-VaPUC |9 333938 | |
| 650 | 7 | |a JUZGADOS DE POLICIA LOCAL PROCEDIMIENTO |2 CL-VaPUC |9 440258 | |
| 650 | 7 | |a JUZGADOS DE POLICIA LOCAL JURISPRUDENCIA |2 CL-VaPUC |9 440257 | |
| 583 | |a last modification |c 20150827 16:13:00 |k Rodrigo Vera | ||
| 490 | 0 | |a La Ley | |
| 999 | |c 360533 |d 360531 | ||
| 952 | |0 0 |1 0 |3 erb |4 0 |6 347_040000000000000_COM_2015 |7 0 |8 A |9 470383 |a BIBDER |b BIBDER |h t.1 |i 5195756 |o 347.04 COM 2015 |p 5195756 |r 2023-01-25 |w 2019-11-23 |y BK |z Catalogado en:20150827 |k DER | ||
| 952 | |0 0 |1 0 |3 erb |4 0 |6 347_040000000000000_COM_2015 |7 0 |8 A |9 470384 |a BIBDER |b BIBDER |h t.2 |i 5195764 |o 347.04 COM 2015 |p 5195764 |r 2023-01-25 |w 2019-11-23 |y BK |z Catalogado en:20150827 |k DER | ||